| 000 | 00591nam a2200181 i 4500 | ||
|---|---|---|---|
| 001 | 71167 | ||
| 003 | ES-MaACL | ||
| 005 | 20230906171039.0 | ||
| 007 | t| | ||
| 008 | 040806s1964 sp ||||1| spa d | ||
| 100 | 1 |
_aGaussen, Henri. _956029 |
|
| 245 | 1 | 0 |
_aFlora y fauna de la montaña / _cEnrique Gaussen, Pablo Barruel ; [traducción de Enrique Balcells Rocamora]. |
| 260 |
_aBarcelona : _bJuventud, _c[1964] |
||
| 300 |
_a224 p., 56 lám. : _bil. ; _c29 cm. |
||
| 700 | 1 |
_aBarruel, Pablo. _926081 |
|
| 700 | 1 |
_aBalcells Rocamora, Enrique. _924871 |
|
| 852 |
_aES-MaACL _jC-27303 _bR.56311 |
||
| 999 |
_c71167 _d71167 |
||